Narovnání. Chcete mě?

Pojem vyrovnanie v súťažnom práve. Záväzkové rozhodnutia. Plea barning - jednanie o vine a treste v USA. Program zhovievavosti (liniency program). Vyrovnanie v Európskej únii. Skúsenosti s vyrovnaním v Českej republike. Prínosy a riziká vyrovnania. Je vyrovnanie prospešné?

Salvato in:
Dettagli Bibliografici
Autore principale: Neruda, Robert
Natura: Capitolo di libro
Lingua:ceco
Soggetti:
Tags: Aggiungi Tag
Nessun Tag, puoi essere il primo ad aggiungerne!!

MARC

LEADER 00000naa a2200000 4500
001 0162039
005 20231128124627.2
041 0 |a cze 
044 |a CZ 
245 1 0 |a Narovnání. Chcete mě?  |c Robert Neruda 
520 |a Pojem vyrovnanie v súťažnom práve. Záväzkové rozhodnutia. Plea barning - jednanie o vine a treste v USA. Program zhovievavosti (liniency program). Vyrovnanie v Európskej únii. Skúsenosti s vyrovnaním v Českej republike. Prínosy a riziká vyrovnania. Je vyrovnanie prospešné? 
610 2 0 |a súťaž hospodárska 
610 2 0 |a právo komunitárne 
610 2 0 |a právo štátne 
610 2 0 |a kartely 
100 1 |a Neruda, Robert